QCM sur League of Legends - Statistiques

Statistiques générales
  • Ce quiz a été pris 130 fois
  • Le résultat moyen est 8 sur 10
Statistiques - réponses
Question Réponse % Correct
Quel studio a développé ce jeu vidéo ? Riot Games
99%
Lequel de ces champion est Zoé ?
98%
Qu'est-ce qu'un ace dans League of Legends ? Moment où tous les champions d'une équipe sont éliminés en même temps
97%
Quel est le nom du boss épique qui apparaît à 25 minutes et donne un puissant buff à l’équipe ? Baron Nashor
96%
Quel champion de LoL est surnommé "Le Patron" ? Sett
94%
Quel mode de jeu de League of Legends se joue en 5 VS 5 dans l'Abîme hurlant ? ARAM
91%
Parmi ces propositions, qu'est ce qu'on ne peut pas acheter avec de l'essence bleue ? Acheter des armes
89%
En quel année a été officiellement lancé le jeu League of Legends ? 2009
80%
Combien y avait-t-il de champions au moment de la sortie de League of Legends ? 40
56%
Combien de classes existe-t-il pour les champions de LoL ? 6
42%
Aucun quiz correspondant
Distribution des résultats
% des personnes avec chaque résultat
Percentile par nombre de réponses
Votre historique - résultats
Vous n’avez pas pris ce quiz